| 000 | 00703nam a22002051i 4500 | ||
|---|---|---|---|
| 001 | 16229 | ||
| 090 | _a16229 | ||
| 010 | _a9789896440947 | ||
| 100 | _a20170304u u u0frey50 ba | ||
| 101 | 1 |
_apor _ceng |
|
| 200 | 1 |
_fAlison Gopnik _aO bebé filósofo _eo que as mentes das crianças nos dizem sobre a verdade, o amor e o sentido da vida |
|
| 215 |
_a364 p. _d23 cm |
||
| 702 | 1 |
_aVidal _bPedro _4730 _94228 |
|
| 702 | 1 |
_aFerreira _bPedro Ernesto _4675 |
|
| 700 | 1 |
_aGopnik _bAlison _4070 |
|
| 210 |
_cCírculo de Leitores _aLisboa _d2010 |
||
| 225 | 2 | _aTemas e debates | |
| 410 | 0 | _tTemas e debates | |
| 996 |
_f0020458 _kGOP _m00000000 _n00000000 _aBMVA _b1 _vViana do Alentejo _xPsicologia _y25 _eLivro _10 _31 |
||
| 990 | _cLIVROS | ||